Revitalizácia areálu tenisových kurtov s výstavbou centrály tenisovej akadémie v Nových Zámkoch
Salvato in:
| Autore principale: | |
|---|---|
| Altri autori: | |
| Natura: | Manoscritto Libro |
| Lingua: | slovacco |
| Pubblicazione: |
2025
|
| Soggetti: | |
| Accesso online: | http://is.stuba.sk/zp/portal_zp.pl?podrobnosti=193665 CRZP |
| Tags: |
Nessun Tag, puoi essere il primo ad aggiungerne!!
|
MARC
| LEADER | 00000ntm a22000003a 4500 | ||
|---|---|---|---|
| 001 | stuzp104794 | ||
| 003 | SK-STU | ||
| 005 | 20250801110714.2 | ||
| 007 | ta | ||
| 008 | 150427s2015----xo-----f-mn---000-0-slo-d | ||
| 040 | |a STU |b slo | ||
| 041 | 0 | |a slo | |
| 100 | 1 | |a Šimonek, Ladislav |u 010310 |4 aut |U SvF Stavebná fakulta |T SvF Katedra architektúry |X 110335 |U V181|V310 |Y 19 |7 110335 | |
| 242 | 0 | 1 | |a Revitalization of the area of tennis courts with the construction of the headquarters of the tennis academy in Nové Zámky |y eng |
| 245 | 1 | 0 | |a Revitalizácia areálu tenisových kurtov s výstavbou centrály tenisovej akadémie v Nových Zámkoch |
| 260 | |c 2025 | ||
| 650 | 4 | |a komplex |2 slo | |
| 650 | 4 | |a energetická hospodárnosť |2 slo | |
| 650 | 4 | |a tenisová akadémia |2 slo | |
| 650 | 4 | |a urbanizmus |2 slo | |
| 650 | 4 | |a architektúra |2 slo | |
| 650 | 4 | |a typológia |2 slo | |
| 650 | 4 | |a ekológia |2 slo | |
| 650 | 4 | |a tenis |2 slo | |
| 650 | 4 | |a centrála |2 slo | |
| 650 | 4 | |a tennis |2 eng | |
| 650 | 4 | |a tennis academy |2 eng | |
| 650 | 4 | |a urbanism |2 eng | |
| 650 | 4 | |a typology |2 eng | |
| 650 | 4 | |a ecology |2 eng | |
| 650 | 4 | |a architecture |2 eng | |
| 650 | 4 | |a energetic efficiency |2 eng | |
| 650 | 4 | |a complex |2 eng | |
| 650 | 4 | |a headquarters |2 eng | |
| 700 | 1 | |a Šišková, Zuzana |u 010310 |k Z3 |4 ths |U SvF Stavebná fakulta |T SvF Katedra architektúry |X 82494 |U V181|V310 |Y 19 |7 82494 | |
| 856 | 4 | |u http://is.stuba.sk/zp/portal_zp.pl?podrobnosti=193665 | |
| 856 | 4 | |u https://opac.crzp.sk/?fn=detailBiblioForm&sid=C9A1C75A261DD259F9894C1E26A3 |z CRZP | |